00902 2200301 4500001002100000005001500021035002000036007000300056008004100059020002200100040002200122082001900144084002100163090002200184100002100206245006300227250003400290300005300324650002200377850001200399504003300411264003800444336002100482337003000503338002300533999002200556990002200578INLIS00000000087547720221121105654 a0010-1122000433ta221121s2022 yoia g ind d a978-623-466-102-6 aYOPDYOGbinderda04223a808.066378 a808.066378 IRW m aCB-D.11 2022-17690 aIrwanepengarang10aMetode penulisan ilmiah untuk mahasiswa kesehatan /cIrwan aCetakan pertama, Agustus 2022 aiv, 259 halaman :bbagan, tabel, gambar ;c23 cm 4aPenulisan, Teknik aYOPDYOG aBibliografi: halaman 256-25731aSleman :bZahir Publishing,c2022 2rdacontentateks 2rdamediaatanpa perantara 2rdacarrieravolume aCB-D.11/2022-1769 aCB-D.11/2022-1769